[Event "Monarch Assurance Isle of Man 13th"]
[Site "Port Erin IOM"]
[Date "2004.09.30"]
[Round "6.48"]
[White "Henrichsen, Jens"]
[Black "De Lagontrie, Jean"]
[Result "1-0"]
[WhiteElo "2084"]
[BlackElo "1968"]
[PlyCount "98"]
[EventDate "2004.09.25"]
[EventType "swiss"]
[EventRounds "9"]
[EventCountry "IOM"]
[SourceTitle "BritBase"]
[SourceDate "2008.07.14"]
[SourceVersion "1"]
[SourceVersionDate "2008.07.14"]
[SourceQuality "2"]

1. d4 d5 2. c4 c6 3. Nf3 e6 4. Qc2 Nf6 5. g3 Be7 6. Bg2 O-O 7. O-O Nbd7 8. b3
Re8 9. Nbd2 Nf8 10. Bb2 Bd7 11. Ne5 Rc8 12. c5 b6 13. b4 bxc5 14. bxc5 Rb8 15.
Bc3 Qc7 16. Nb3 Qb7 17. Rfb1 Qa8 18. f3 Rec8 19. Rb2 Bd8 20. Rab1 Bc7 21. Na5
Rxb2 22. Rxb2 Rb8 23. Rxb8 Bxb8 24. Nxd7 N6xd7 25. Qa4 h5 26. Qxc6 Qxc6 27.
Nxc6 a6 28. Ba5 Ng6 29. Nb4 Ba7 30. e3 Nxc5 31. dxc5 Bxc5 32. Kf2 d4 33. exd4
Bxd4+ 34. Ke2 h4 35. Kf1 hxg3 36. hxg3 Ne5 37. Nc2 Ba7 38. Ke2 Nc4 39. Be1 Bb6
40. f4 g5 41. Bf2 Bc7 42. fxg5 Kg7 43. Be4 a5 44. Bd4+ e5 45. Bc5 Nd6 46. Bxd6
Bxd6 47. Ne3 Kf8 48. Kf3 Bc7 49. Kg4 Ke7 1-0

[Event "Monarch Assurance Isle of Man 13th"]
[Site "Port Erin IOM"]
[Date "2004.10.01"]
[Round "7.7"]
[White "Moiseenko, Alexander"]
[Black "McNab, Colin"]
[Result "1-0"]
[WhiteElo "2640"]
[BlackElo "2427"]
[PlyCount "53"]
[EventDate "2004.09.25"]
[EventType "swiss"]
[EventRounds "9"]
[EventCountry "IOM"]
[SourceTitle "BritBase"]
[SourceDate "2008.07.14"]
[SourceVersion "1"]
[SourceVersionDate "2008.07.14"]
[SourceQuality "2"]

1. d4 d6 2. e4 Nf6 3. Nc3 g6 4. Be3 Bg7 5. Qd2 c6 6. f3 Qa5 7. Bd3 Nbd7 8. Nge2
e5 9. Bh6 O-O 10. h4 exd4 11. Nxd4 Ne5 12. O-O-O Nxd3+ 13. cxd3 Be6 14. h5 Rae8
15. g4 Qe5 16. Nde2 Bc8 17. Rdg1 Qe7 18. Ng3 Kh8 19. Bg5 Kg8 20. Nf5 Bxf5 21.
gxf5 d5 22. Bh6 d4 23. Ne2 Qc5+ 24. Kb1 Bxh6 25. Qxh6 Qb5 26. hxg6 Qxd3+ 27.
Ka1 1-0

[Event "Monarch Assurance Isle of Man 13th"]
[Site "Port Erin IOM"]
[Date "2004.10.01"]
[Round "7.10"]
[White "Sprenger, Jan Michael"]
[Black "Agrest, Evgenij"]
[Result "1/2-1/2"]
[WhiteElo "2477"]
[BlackElo "2602"]
[PlyCount "150"]
[EventDate "2004.09.25"]
[EventType "swiss"]
[EventRounds "9"]
[EventCountry "IOM"]
[SourceTitle "BritBase"]
[SourceDate "2008.07.14"]
[SourceVersion "1"]
[SourceVersionDate "2008.07.14"]
[SourceQuality "2"]

1. e4 c5 2. Nf3 d6 3. Bb5+ Nd7 4. d4 cxd4 5. Qxd4 a6 6. Bxd7+ Bxd7 7. Bg5 Rc8
8. Nc3 Bg4 9. O-O-O h6 10. Be3 e5 11. Qa4+ Qd7 12. Qxd7+ Bxd7 13. Ne1 Nf6 14.
f3 b5 15. Nd3 a5 16. a3 Be7 17. Bb6 Ra8 18. b4 axb4 19. Nxb4 Rxa3 20. Kb2 Ra8
21. Bc7 O-O 22. Bxd6 Bxd6 23. Rxd6 Be6 24. Ra1 Rxa1 25. Kxa1 Rc8 26. Kb2 Kf8
27. Ncd5 Nd7 28. Nd3 Rb8 29. N5b4 Ke7 30. Ra6 Rc8 31. Nc6+ Kf6 32. Ka3 g5 33.
Kb4 Kg7 34. Kxb5 Nb8 35. Nxb8 Bc4+ 36. Kb4 Bxa6 37. Nxa6 Rxc2 38. Nxe5 Rxg2 39.
Kc3 Rf2 40. Kd4 f6 41. Ng4 Rxf3 42. Nc7 Rh3 43. Nd5 f5 44. exf5 Rh4 45. Nde3 h5
46. f6+ Kg6 47. Ke5 hxg4 48. f7 Kxf7 49. Kf5 Rxh2 50. Nxg4 Rh5 51. Ne5+ Kg7 52.
Ng4 Kh7 53. Kf6 Rh1 54. Kxg5 Rf1 55. Nf6+ Kg7 56. Nh5+ Kf7 57. Nf4 Ke7 58. Kf5
Re1 59. Nd3 Re3 60. Ne5 Re2 61. Nc4 Re1 62. Nd2 Kd6 63. Ne4+ Kd5 64. Nf6+ Kd4
65. Ng4 Rg1 66. Nf6 Rf1+ 67. Ke6 Rf4 68. Nd7 Re4+ 69. Kf5 Re7 70. Nf6 Re5+ 71.
Kf4 Ra5 72. Ng4 Ra1 73. Kf5 Rf1+ 74. Ke6 Rf4 75. Nf6 Rf1 1/2-1/2

[Event "Monarch Assurance Isle of Man 13th"]
[Site "Port Erin IOM"]
[Date "2004.10.01"]
[Round "7.11"]
[White "Schneider, Dmitry"]
[Black "Rogers, Ian"]
[Result "1/2-1/2"]
[WhiteElo "2454"]
[BlackElo "2588"]
[PlyCount "73"]
[EventDate "2004.09.25"]
[EventType "swiss"]
[EventRounds "9"]
[EventCountry "IOM"]
[SourceTitle "BritBase"]
[SourceDate "2008.07.14"]
[SourceVersion "1"]
[SourceVersionDate "2008.07.14"]
[SourceQuality "2"]

1. e4 c5 2. Nf3 Nc6 3. d4 cxd4 4. Nxd4 Nf6 5. Nc3 e5 6. Ndb5 d6 7. Bg5 a6 8.
Na3 b5 9. Bxf6 gxf6 10. Nd5 f5 11. c3 Bg7 12. Bd3 Be6 13. Qh5 O-O 14. O-O f4
15. Rfd1 Rb8 16. Nc2 Qd7 17. h3 f5 18. Ncb4 Nxb4 19. Nxb4 a5 20. exf5 Bf7 21.
Qh4 axb4 22. f6 Bg6 23. fxg7 Kxg7 24. Bxg6 hxg6 25. cxb4 Rh8 26. Qg4 Qxg4 27.
hxg4 Rb6 28. Rac1 Kf6 {(=)} 29. f3 Ra8 30. a3 Raa6 31. Rc7 Rc6 32. Rc1 Rxc1+
33. Rxc1 Ke6 34. Kf2 Kd7 35. Rc2 g5 36. Ke2 Rc6 37. Rxc6 1/2-1/2

[Event "Monarch Assurance Isle of Man 13th"]
[Site "Port Erin IOM"]
[Date "2004.10.01"]
[Round "7.12"]
[White "Bosboom-Lanchava, T."]
[Black "Rowson, Jonathan"]
[Result "1/2-1/2"]
[WhiteElo "2370"]
[BlackElo "2558"]
[PlyCount "82"]
[EventDate "2004.09.25"]
[EventType "swiss"]
[EventRounds "9"]
[EventCountry "IOM"]
[SourceTitle "BritBase"]
[SourceDate "2008.07.14"]
[SourceVersion "1"]
[SourceVersionDate "2008.07.14"]
[SourceQuality "2"]

1. d4 Nf6 2. Nf3 e6 3. c4 b6 4. g3 Bb7 5. Bg2 Bb4+ 6. Nbd2 O-O 7. O-O a5 8. Qc2
Bxd2 9. Bxd2 Be4 10. Qc3 d6 11. Bh3 h6 12. Ne1 c5 13. f3 Bh7 14. Rd1 Nc6 15.
dxc5 bxc5 16. Bc1 Qe7 17. Nd3 Nb4 18. Qa3 d5 19. b3 dxc4 20. bxc4 Bxd3 21. exd3
Rfd8 22. Be3 Nd7 23. Qb2 Rab8 24. Qf2 Qf6 25. d4 Qg6 26. dxc5 Ne5 27. Qe2 Qc2
28. Qxc2 Nxc2 29. Bf4 Nxf3+ 30. Kf2 Ng5 31. Bg2 e5 32. Bxe5 Rbc8 33. c6 Re8 34.
c7 Rxe5 35. Rd8+ Re8 36. Rxe8+ Rxe8 37. Bb7 Ne3 38. Rb1 Nh3+ 39. Kf3 Ng5+ 40.
Kf2 Nh3+ 41. Kf3 Ng5+ 1/2-1/2

[Event "Monarch Assurance Isle of Man 13th"]
[Site "Port Erin IOM"]
[Date "2004.10.01"]
[Round "7.13"]
[White "Kulaots, Kaido"]
[Black "Pert, Richard"]
[Result "1/2-1/2"]
[WhiteElo "2593"]
[BlackElo "2407"]
[PlyCount "42"]
[EventDate "2004.09.25"]
[EventType "swiss"]
[EventRounds "9"]
[EventCountry "IOM"]
[SourceTitle "BritBase"]
[SourceDate "2008.07.14"]
[SourceVersion "1"]
[SourceVersionDate "2008.07.14"]
[SourceQuality "2"]

1. e4 c5 2. Nf3 Nc6 3. d4 cxd4 4. Nxd4 g6 5. Nc3 Bg7 6. Be3 Nf6 7. Bc4 d6 8. f3
Qb6 9. Bb5 Qc7 10. Qd2 O-O 11. O-O-O Nxd4 12. Bxd4 Be6 13. Kb1 Rfc8 14. Ba4 b5
15. Nxb5 Qb7 16. Qa5 Bd7 17. Nc3 Bxa4 18. Nxa4 Rc6 19. Nc3 Rb8 20. Qa3 Qc8 21.
Ne2 e5 1/2-1/2

[Event "Monarch Assurance Isle of Man 13th"]
[Site "Port Erin IOM"]
[Date "2004.10.01"]
[Round "7.16"]
[White "Howell, David W"]
[Black "Holzke, Frank"]
[Result "0-1"]
[WhiteElo "2334"]
[BlackElo "2492"]
[PlyCount "66"]
[EventDate "2004.09.25"]
[EventType "swiss"]
[EventRounds "9"]
[EventCountry "IOM"]
[SourceTitle "BritBase"]
[SourceDate "2008.07.14"]
[SourceVersion "1"]
[SourceVersionDate "2008.07.14"]
[SourceQuality "2"]

1. e4 e5 2. Nf3 Nc6 3. Bb5 a6 4. Bxc6 dxc6 5. O-O f6 6. d4 Bg4 7. dxe5 Qxd1 8.
Rxd1 fxe5 9. Rd3 Bd6 10. Nbd2 Nf6 11. Nc4 O-O 12. Nfxe5 Be2 13. Re3 Bxc4 14.
Nxc4 Bc5 15. Re2 Rae8 16. Be3 Rxe4 17. Bxc5 Rxe2 18. Bxf8 Kxf8 19. Rc1 Ne4 20.
Na5 Nd6 21. Kf1 Re5 22. Nb3 Nc4 23. Re1 Rd5 24. Re4 b5 25. Rf4+ Kg8 26. Rd4
Nxb2 27. Rxd5 cxd5 28. Nc5 a5 29. Ne6 Na4 30. Nxc7 Nc3 31. a3 a4 32. Ke1 b4 33.
Kd2 bxa3 0-1

[Event "Monarch Assurance Isle of Man 13th"]
[Site "Port Erin IOM"]
[Date "2004.10.01"]
[Round "7.20"]
[White "Afek, Yochanan"]
[Black "Grafl, Florian"]
[Result "1/2-1/2"]
[WhiteElo "2325"]
[BlackElo "2411"]
[PlyCount "79"]
[EventDate "2004.09.25"]
[EventType "swiss"]
[EventRounds "9"]
[EventCountry "IOM"]
[SourceTitle "BritBase"]
[SourceDate "2008.07.14"]
[SourceVersion "1"]
[SourceVersionDate "2008.07.14"]
[SourceQuality "2"]

1. e4 e6 2. d4 d5 3. e5 c5 4. c3 Nc6 5. Nf3 Bd7 6. Be2 Nge7 7. Na3 Ng6 8. h4
cxd4 9. cxd4 Bb4+ 10. Kf1 Be7 11. h5 Nh4 12. Nxh4 Bxh4 13. h6 g6 14. Be3 Be7
15. Nc2 f6 16. exf6 Bxf6 17. g3 Qb6 18. Kg2 Nd8 19. Qd2 Nf7 20. Ne1 O-O 21. Nf3
Bb5 22. Bxb5 Qxb5 23. Bf4 Rac8 24. Rhe1 Qb6 25. Re3 Rc4 26. Rae1 Re8 27. Rb3
Qa6 28. Qe2 Qc6 29. Ne5 Nxe5 30. Bxe5 Rc2 31. Bxf6 Rxe2 32. Rxe2 Rc8 33. Rc3
Qd7 34. Rec2 Rc4 35. b3 Rc6 36. Bg7 Qc8 37. Rc5 Kf7 38. b4 a6 39. R2c3 Ke7 40.
Rxc6 1/2-1/2

[Event "Monarch Assurance Isle of Man 13th"]
[Site "Port Erin IOM"]
[Date "2004.10.01"]
[Round "7.22"]
[White "Rendle, Thomas"]
[Black "Berzinsh, Roland"]
[Result "1-0"]
[WhiteElo "2258"]
[BlackElo "2455"]
[PlyCount "161"]
[EventDate "2004.09.25"]
[EventType "swiss"]
[EventRounds "9"]
[EventCountry "IOM"]
[SourceTitle "BritBase"]
[SourceDate "2008.07.14"]
[SourceVersion "1"]
[SourceVersionDate "2008.07.14"]
[SourceQuality "2"]

1. f4 Nf6 2. Nf3 g6 3. g3 Bg7 4. Bg2 O-O 5. O-O c5 6. d3 d5 7. Nc3 d4 8. Ne4
Nbd7 9. h3 Nd5 10. g4 e6 11. f5 exf5 12. gxf5 Qc7 13. Neg5 N7f6 14. fxg6 fxg6
15. c3 h6 16. cxd4 hxg5 17. Nxg5 cxd4 18. Qb3 Qd8 19. Rxf6 Qxf6 20. Qxd5+ Kh8
21. Bd2 Bf5 22. Qf3 Qd6 23. Bf4 Qd7 24. Qg3 Rfe8 25. Bd6 Bh6 26. Qh4 Kg7 27.
Qxd4+ Kg8 28. Bd5+ Be6 29. Bxe6+ Rxe6 30. Nxe6 Qxe6 31. Qc4 Re8 32. Kf2 Be3+
33. Kf3 Bd4 34. Qxe6+ Rxe6 35. Bf4 Bxb2 36. Rb1 Rb6 37. Be3 Rf6+ 38. Kg4 Re6
39. Rxb2 Rxe3 40. Rxb7 Rxe2 41. Rxa7 Rd2 42. Ra3 Kf7 43. Kg5 Rg2+ 44. Kf4 Rf2+
45. Ke4 Re2+ 46. Kd5 Re3 47. h4 Rh3 48. Ke5 Re3+ 49. Kf4 Rh3 50. Kg4 Rh2 51. d4
Rd2 52. Ra4 Ke6 53. Kf4 Rh2 54. Ra6+ Kd5 55. Kg3 Rh1 56. Kg4 Rg1+ 57. Kf4 Rf1+
58. Ke3 Rh1 59. Ra5+ Kd6 60. Rg5 Rh3+ 61. Kd2 Rxh4 62. Kd3 Rh2 63. Rxg6+ Kd5
64. Rg5+ Kd6 65. a4 Ra2 66. a5 Kc6 67. a6 Kb6 68. Rg6+ Ka7 69. Ke4 Ra1 70. Rc6
Rh1 71. Kd5 Rh5+ 72. Kd6 Rh6+ 73. Kc5 Rh5+ 74. d5 Rg5 75. Re6 Rg1 76. Re3 Ra1
77. Rb3 Kxa6 78. Kc6 Rc1+ 79. Kd7 Rh1 80. d6 Ka7 81. Kd8 1-0

[Event "Monarch Assurance Isle of Man 13th"]
[Site "Port Erin IOM"]
[Date "2004.10.01"]
[Round "7.23"]
[White "Skripchenko, Almira"]
[Black "Zawadzka, Jolanta"]
[Result "1/2-1/2"]
[WhiteElo "2453"]
[BlackElo "2272"]
[PlyCount "81"]
[EventDate "2004.09.25"]
[EventType "swiss"]
[EventRounds "9"]
[EventCountry "IOM"]
[SourceTitle "BritBase"]
[SourceDate "2008.07.14"]
[SourceVersion "1"]
[SourceVersionDate "2008.07.14"]
[SourceQuality "2"]

1. e4 e5 2. Nf3 Nc6 3. Bb5 a6 4. Bxc6 dxc6 5. O-O Qd6 6. Na3 Be6 7. Qe2 f6 8.
Rd1 c5 9. c3 Bg4 10. Nc2 Bxf3 11. Qxf3 c4 12. d4 cxd3 13. Rxd3 Qe6 14. Ne3 Ne7
15. b3 Nc6 16. Bb2 Bc5 17. Nd5 Rc8 18. b4 Ba7 19. Qh5+ Qf7 20. Qh4 Ne7 21. Rad1
Ng6 22. Qg4 O-O 23. Bc1 Rcd8 24. h4 c6 25. Ne3 Rxd3 26. Rxd3 Bxe3 27. Bxe3 Qc4
28. Rd7 f5 29. Qg5 Qe6 30. Rxb7 h6 31. exf5 Rxf5 32. Qd8+ Rf8 33. Qc7 Qf6 34.
Rb6 Rd8 35. Rb8 Rxb8 36. Qxb8+ Kh7 37. g3 Qe6 38. Qb6 Nxh4 39. Qxa6 Nf3+ 40.
Kf1 Qd5 41. Qe2 1/2-1/2

[Event "Monarch Assurance Isle of Man 13th"]
[Site "Port Erin IOM"]
[Date "2004.10.01"]
[Round "7.25"]
[White "Ashton, Adam"]
[Black "Gottschlich, Carsten"]
[Result "1/2-1/2"]
[WhiteElo "2270"]
[BlackElo "2382"]
[PlyCount "88"]
[EventDate "2004.09.25"]
[EventType "swiss"]
[EventRounds "9"]
[EventCountry "IOM"]
[SourceTitle "BritBase"]
[SourceDate "2008.07.14"]
[SourceVersion "1"]
[SourceVersionDate "2008.07.14"]
[SourceQuality "2"]

1. e4 c5 2. Nf3 d6 3. d4 cxd4 4. Nxd4 Nf6 5. Nc3 a6 6. Bc4 e6 7. Bb3 b5 8. Bg5
Be7 9. Qf3 Qc7 10. e5 Bb7 11. exd6 Bxd6 12. Qe3 Bc5 13. Bxf6 gxf6 14. Ne4 Bxe4
15. Qxe4 Qe5 16. Qxe5 fxe5 17. Nf3 Nd7 18. O-O Ke7 19. Rfe1 f6 20. a4 b4 21. a5
Rhc8 22. Rad1 Bd6 23. Nd2 Nc5 24. Nc4 Bc7 25. Re3 Rg8 26. Rh3 Rg7 27. Kf1 Rag8
28. g3 e4 29. Ke2 f5 30. Rh4 Rd8 31. Ra1 Nxb3 32. cxb3 Rd5 33. Rd1 Rxd1 34.
Kxd1 Kd7 35. Ke2 Kc6 36. Rh6 Re7 37. Rf6 Bb8 38. Rf8 Ba7 39. f3 exf3+ 40. Kxf3
Bd4 41. Rb8 Rb7 42. Ra8 Ra7 43. Rb8 Rb7 44. Ra8 Ra7 1/2-1/2

[Event "Monarch Assurance Isle of Man 13th"]
[Site "Port Erin IOM"]
[Date "2004.10.01"]
[Round "7.26"]
[White "Spence, David J"]
[Black "Houska, Jovanka"]
[Result "1/2-1/2"]
[WhiteElo "2236"]
[BlackElo "2375"]
[PlyCount "50"]
[EventDate "2004.09.25"]
[EventType "swiss"]
[EventRounds "9"]
[EventCountry "IOM"]
[SourceTitle "BritBase"]
[SourceDate "2008.07.14"]
[SourceVersion "1"]
[SourceVersionDate "2008.07.14"]
[SourceQuality "2"]

1. d4 Nf6 2. Nf3 e6 3. e3 b6 4. Bd3 Bb7 5. O-O c5 6. c4 Be7 7. Nc3 O-O 8. d5 b5
9. dxe6 bxc4 10. exf7+ Kh8 11. Bxc4 d5 12. Bd3 Nc6 13. Ng5 h6 14. f4 Qd7 15.
Ne2 Nd8 16. Ng3 Nxf7 17. Nxf7+ Rxf7 18. Bg6 Rff8 19. e4 dxe4 20. Qxd7 Nxd7 21.
Bxe4 Rab8 22. Bxb7 Rxb7 23. b3 Bf6 24. Rb1 Bd4+ 25. Kh1 Re8 1/2-1/2

[Event "Monarch Assurance Isle of Man 13th"]
[Site "Port Erin IOM"]
[Date "2004.10.01"]
[Round "7.29"]
[White "Mannion, Stephen"]
[Black "Twitchell, Neville"]
[Result "1-0"]
[WhiteElo "2333"]
[BlackElo "2003"]
[PlyCount "63"]
[EventDate "2004.09.25"]
[EventType "swiss"]
[EventRounds "9"]
[EventCountry "IOM"]
[SourceTitle "BritBase"]
[SourceDate "2008.07.14"]
[SourceVersion "1"]
[SourceVersionDate "2008.07.14"]
[SourceQuality "2"]

1. e4 c5 2. Nf3 d6 3. d4 cxd4 4. Nxd4 Nf6 5. Nc3 a6 6. Bc4 e6 7. O-O Qc7 8. Qe2
Nc6 9. Nxc6 bxc6 10. b3 Be7 11. Bb2 O-O 12. Rad1 d5 13. Bd3 Re8 14. Rfe1 d4 15.
Nb1 e5 16. Nd2 a5 17. a4 Nd7 18. Bc4 Nc5 19. f4 exf4 20. Bxd4 Ne6 21. Bf2 Bb4
22. Rf1 Ng5 23. Bh4 Bxd2 24. Qxd2 Nxe4 25. Qxf4 Qxf4 26. Rxf4 g5 27. Bxf7+ Kg7
28. Bxe8 gxf4 29. Bxc6 Nc3 30. Rd8 Rb8 31. Be1 Na2 32. Bxa5 1-0

[Event "Monarch Assurance Isle of Man 13th"]
[Site "Port Erin IOM"]
[Date "2004.10.01"]
[Round "7.30"]
[White "Jonkman, Harmen"]
[Black "Fox, Anthony"]
[Result "0-1"]
[WhiteElo "2425"]
[BlackElo "2123"]
[PlyCount "106"]
[EventDate "2004.09.25"]
[EventType "swiss"]
[EventRounds "9"]
[EventCountry "IOM"]
[SourceTitle "BritBase"]
[SourceDate "2008.07.14"]
[SourceVersion "1"]
[SourceVersionDate "2008.07.14"]
[SourceQuality "2"]

1. e4 e5 2. f4 exf4 3. Bc4 Nf6 4. Nc3 c6 5. Bb3 d5 6. exd5 cxd5 7. d4 Bd6 8.
Nf3 O-O 9. O-O Be6 10. Ng5 h6 11. Nxe6 fxe6 12. Bxf4 Bxf4 13. Rxf4 Nc6 14. Qd3
Qd6 15. Raf1 Nh5 16. Rxf8+ Rxf8 17. Rxf8+ Qxf8 18. Qe3 Nf4 19. h4 Qf5 20. g3
Nh5 21. Ne2 Na5 22. Qe5 Nxb3 23. Qxf5 exf5 24. axb3 Nf6 25. Kf2 g5 26. Ke3 Kf7
27. b4 a6 28. b3 Ke6 29. c4 dxc4 30. bxc4 b6 31. hxg5 hxg5 32. Nc3 a5 33. bxa5
bxa5 34. Na4 Ne4 35. g4 Nd6 36. c5 f4+ 37. Kd3 Ne8 38. Nc3 Nf6 39. Kc4 f3 40.
Kd3 Nxg4 41. c6 Kd6 42. d5 Ne5+ 43. Ke3 Nxc6 44. dxc6 g4 45. Nd1 Kxc6 46. Kf2
a4 47. Ne3 Kb5 48. Nxg4 a3 49. Ne3 a2 50. Nc2 Kc4 51. Kxf3 Kc3 52. Na1 Kb2 53.
Ke2 Kxa1 0-1

[Event "Monarch Assurance Isle of Man 13th"]
[Site "Port Erin IOM"]
[Date "2004.10.01"]
[Round "7.31"]
[White "Li Ruofan"]
[Black "Plant, Paul R"]
[Result "1-0"]
[WhiteElo "2414"]
[BlackElo "2107"]
[PlyCount "107"]
[EventDate "2004.09.25"]
[EventType "swiss"]
[EventRounds "9"]
[EventCountry "IOM"]
[SourceTitle "BritBase"]
[SourceDate "2008.07.14"]
[SourceVersion "1"]
[SourceVersionDate "2008.07.14"]
[SourceQuality "2"]

1. d4 d5 2. c4 c6 3. Nc3 Nf6 4. e3 a6 5. Nf3 b5 6. b3 Bg4 7. h3 Bxf3 8. gxf3
Nbd7 9. f4 e6 10. c5 Be7 11. Bd3 g6 12. Bb2 Qc7 13. Qc2 Nh5 14. Ne2 Bh4 15. Ng1
f5 16. Nf3 Bd8 17. O-O-O Bf6 18. Kb1 a5 19. a3 b4 20. a4 O-O-O {(=)} 21. Rdg1
Rde8 22. Rg2 Bd8 23. Bc1 Qb7 24. Bd2 Bf6 25. Be1 Bd8 26. h4 Kb8 27. Be2 Rhf8
28. Qd1 Ndf6 29. Kc2 Re7 30. Ne5 Rg7 31. Rhg1 Rfg8 32. Bd2 Ka7 33. Qe1 Be7 34.
Nf3 Bd8 35. Qd1 Kb8 36. Be1 Ka7 37. Qd3 Re8 38. Ng5 Rge7 39. Bd2 Kb8 40. Nf3
Rg7 {(=)} 41. Ra1 Be7 42. Ne5 Kc7 43. Kb2 Ra8 44. Qc2 Rgg8 45. Rag1 Rg7 46. Qd1
Rgg8 47. Kc2 Raf8 48. Qf1 Ng7 49. Ba6 Qb8 50. Qe2 Ngh5 51. Ra1 Ne4 52. Rh2 Qa7
53. Nxc6 Bxc5 54. Nxa7 1-0

[Event "Monarch Assurance Isle of Man 13th"]
[Site "Port Erin IOM"]
[Date "2004.10.01"]
[Round "7.32"]
[White "Adams, Phil"]
[Black "Kolbus, Dietmar"]
[Result "0-1"]
[WhiteElo "2124"]
[BlackElo "2303"]
[PlyCount "92"]
[EventDate "2004.09.25"]
[EventType "swiss"]
[EventRounds "9"]
[EventCountry "IOM"]
[SourceTitle "BritBase"]
[SourceDate "2008.07.14"]
[SourceVersion "1"]
[SourceVersionDate "2008.07.14"]
[SourceQuality "2"]

1. e4 c5 2. Nf3 e6 3. d4 cxd4 4. Nxd4 Nf6 5. Nc3 d6 6. Be3 Be7 7. f3 a6 8. Qd2
Qc7 9. O-O-O Nc6 10. g4 O-O 11. g5 Nd7 12. h4 Nxd4 13. Bxd4 Ne5 14. Qg2 Nc6 15.
Be3 b5 16. h5 Rb8 17. g6 b4 18. h6 fxg6 19. hxg7 Rf7 20. Ne2 Rxg7 21. Bh6 Rf7
22. Nf4 Ne5 23. Nd3 Nxf3 24. Nf4 Ne5 25. Bd3 Bf6 26. Kb1 a5 27. Rdg1 Bg7 28.
Qh2 Nf3 29. Qg3 Nxg1 30. Bxg7 Rxg7 31. Rxg1 Qe7 32. Bc4 Bd7 33. Rd1 Rf8 34. e5
d5 35. Bd3 Qf7 36. Ne2 Qf2 37. Qg5 a4 38. Nc1 Qf4 39. Qg1 Qxe5 40. Qc5 a3 41.
bxa3 bxa3 42. Qxa3 g5 43. Qc5 g4 44. Qg1 h5 45. Re1 Qg5 46. Nb3 h4 0-1

[Event "Monarch Assurance Isle of Man 13th"]
[Site "Port Erin IOM"]
[Date "2004.10.01"]
[Round "7.33"]
[White "Bigg, Andrew J"]
[Black "Horton, Justin"]
[Result "1-0"]
[WhiteElo "2275"]
[BlackElo "2091"]
[PlyCount "107"]
[EventDate "2004.09.25"]
[EventType "swiss"]
[EventRounds "9"]
[EventCountry "IOM"]
[SourceTitle "BritBase"]
[SourceDate "2008.07.14"]
[SourceVersion "1"]
[SourceVersionDate "2008.07.14"]
[SourceQuality "2"]

1. d4 d5 2. Nf3 Nf6 3. c4 e6 4. cxd5 exd5 5. Nc3 c6 6. Bg5 Be7 7. Qc2 g6 8. e4
dxe4 9. Bxf6 Bxf6 10. Qxe4+ Qe7 11. Bc4 O-O 12. O-O-O Bf5 13. Qf4 Nd7 14. g4
Qb4 15. Bb3 Be6 16. Bxe6 fxe6 17. Qe4 Rae8 18. g5 Bd8 19. h4 Nb6 20. a3 Qd6 21.
Ne5 Nd5 22. Nxd5 Qxd5 23. Qe3 Bc7 24. h5 Bxe5 25. dxe5 Qc4+ 26. Kb1 Rd8 27.
hxg6 Rxd1+ 28. Rxd1 hxg6 29. Qxa7 Qe4+ 30. Ka1 Qxe5 31. Qxb7 Rb8 32. f4 Qxf4
33. Qxc6 Qe5 34. Qc2 Qxg5 35. Qc7 Qb5 36. Qh2 Rf8 37. Qg2 Kg7 38. Rh1 Rf5 39.
Qh3 Rh5 40. Qc3+ Qe5 41. Qxe5+ Rxe5 42. b4 Kf6 {(=)} 43. Kb2 Ke7 44. a4 Kd6 45.
Rc1 Rf5 46. a5 Rf8 47. Kb3 Kd7 48. b5 Rc8 49. Rd1+ Kc7 50. Kb4 Rf8 51. b6+ Kb8
52. a6 Rf4+ 53. Kb5 Rf5+ 54. Kc6 1-0

[Event "Monarch Assurance Isle of Man 13th"]
[Site "Port Erin IOM"]
[Date "2004.10.01"]
[Round "7.37"]
[White "Cannon, Richard J"]
[Black "Smith, Andrew P"]
[Result "1-0"]
[WhiteElo "2060"]
[BlackElo "2205"]
[PlyCount "107"]
[EventDate "2004.09.25"]
[EventType "swiss"]
[EventRounds "9"]
[EventCountry "IOM"]
[SourceTitle "BritBase"]
[SourceDate "2008.07.14"]
[SourceVersion "1"]
[SourceVersionDate "2008.07.14"]
[SourceQuality "2"]

1. e4 e5 2. Nc3 Bc5 3. Nf3 Nc6 4. Nxe5 Nxe5 5. d4 Bd6 6. dxe5 Bxe5 7. Qd3 Ne7
8. Bd2 d6 9. f4 Bf6 10. O-O-O O-O 11. Be2 a6 12. g4 Nc6 13. Nd5 Bd4 14. c3 Ba7
15. g5 Be6 16. f5 Bxd5 17. Qxd5 Qe7 18. g6 Kh8 19. gxh7 Qh4 20. f6 Qxf6 21. Bg4
Ne5 22. Rdf1 Qe7 23. Bh3 c6 24. Qb3 Nd3+ 25. Kb1 Nf2 26. Bg2 Nxh1 27. Bxh1 b5
28. Qd1 Rad8 29. Rf5 Qe6 30. Qf3 d5 31. e5 d4 32. cxd4 Bxd4 33. Ba5 Rd7 34. Qe4
c5 35. Be1 Re8 36. Bg3 c4 37. Bf3 Rc8 38. Bg4 c3 39. bxc3 Qc4 40. Rf3 Rcd8 41.
Bxd7 Rxd7 42. e6 Qxe6 43. Qxe6 fxe6 44. cxd4 Rxd4 45. Re3 Rb4+ 46. Ka1 Kxh7 47.
Rxe6 Ra4 48. Kb2 g6 49. Rf6 g5 50. Kb3 Kg7 51. Rb6 Kf7 52. Rd6 Kg7 53. Be5+ Kh7
54. Rd4 1-0

[Event "Monarch Assurance Isle of Man 13th"]
[Site "Port Erin IOM"]
[Date "2004.10.01"]
[Round "7.39"]
[White "Goodger, Martyn"]
[Black "Van Kemenade, Rudy"]
[Result "1/2-1/2"]
[WhiteElo "2136"]
[BlackElo "2107"]
[PlyCount "31"]
[EventDate "2004.09.25"]
[EventType "swiss"]
[EventRounds "9"]
[EventCountry "IOM"]
[SourceTitle "BritBase"]
[SourceDate "2008.07.14"]
[SourceVersion "1"]
[SourceVersionDate "2008.07.14"]
[SourceQuality "2"]

1. e4 e5 2. Nf3 Nf6 3. Nxe5 d6 4. Nf3 Nxe4 5. Nc3 Nf6 6. d4 Be7 7. Bf4 Bg4 8.
h3 Bh5 9. Be2 c6 {(=)} 10. Qd2 O-O 11. O-O Nbd7 12. a4 d5 13. Ne5 Bb4 14. Bxh5
Nxh5 15. Nxd7 Qxd7 16. Be5 1/2-1/2

[Event "Monarch Assurance Isle of Man 13th"]
[Site "Port Erin IOM"]
[Date "2004.10.01"]
[Round "7.40"]
[White "Hutchinson, Norman A"]
[Black "Noordhoek, Henk"]
[Result "1-0"]
[WhiteElo "2176"]
[BlackElo "2095"]
[PlyCount "101"]
[EventDate "2004.09.25"]
[EventType "swiss"]
[EventRounds "9"]
[EventCountry "IOM"]
[SourceTitle "BritBase"]
[SourceDate "2008.07.14"]
[SourceVersion "1"]
[SourceVersionDate "2008.07.14"]
[SourceQuality "2"]

1. e4 Nf6 2. e5 Nd5 3. d4 d6 4. c4 Nb6 5. exd6 exd6 6. Nc3 Be7 7. Bd3 c6 8. Nf3
d5 9. c5 N6d7 10. O-O O-O 11. Re1 Re8 12. Qc2 Nf8 13. Bg5 Be6 14. Bxe7 Qxe7 15.
Ne2 Nbd7 16. Ng3 Qf6 17. Qd2 Bg4 18. Rxe8 Rxe8 19. Re1 Rxe1+ 20. Nxe1 Ng6 21.
h3 Be6 22. Bc2 Ndf8 23. Qe3 Ne7 24. Nf3 g6 25. Qe5 Qxe5 26. Nxe5 Kg7 27. Kf1
Kf6 28. Ke2 Nd7 29. f4 Nxe5 30. fxe5+ Kg5 31. Kf3 Bf5 32. h4+ Kxh4 33. Nxf5+
gxf5 34. Kf4 Kh5 35. Bxf5 Kh6 36. Bd3 Kg7 37. Kg5 Ng8 38. Bf5 Ne7 39. Bh3 Ng8
40. Bc8 b6 41. cxb6 axb6 42. Bd7 Ne7 43. a4 h6+ 44. Kh5 f6 45. exf6+ Kxf6 46.
b4 Ng8 47. a5 bxa5 48. bxa5 Ke7 49. Bxc6 Kd6 50. Bb5 Ne7 51. g4 1-0